The physics handbook : fundamentals and key equations /

Bibliographic Details
Main Author: Poole, Charles P.
Format: Book
Language:English
Published: New York : John Wiley, [1998]
Subjects:

MARC

Tag First Indicator Second Indicator Subfields
LEADER 00000cam a2200000 a 4500
001 in00001514421
005 20151021104359.0
008 971031s1998 nyua bf 001 0 eng
010 |a  97045863  
015 |a GB98-74523 
019 |a 40180592 
020 |a 0471181730 (cloth : alk. paper) 
020 |a 0471314609 (pbk : alk. paper) 
035 |a (OCoLC)37928558 
035 |9 AJL3387AM 
040 |a DLC  |c DLC  |d UKM  |d OCL  |d TXA  |d UtOrBLW 
049 |a TXAM 
050 0 0 |a QC61  |b .P65 1998 
082 0 0 |a 530/.02/02  |2 21 
100 1 |a Poole, Charles P. 
245 1 4 |a The physics handbook :  |b fundamentals and key equations /  |c Charles P. Poole, Jr. 
264 1 |a New York :  |b John Wiley,  |c [1998] 
264 4 |c ©1998 
300 |a xxi, 493 pages :  |b illustrations ;  |c 24 cm. 
336 |a text  |b txt  |2 rdacontent 
337 |a unmediated  |b n  |2 rdamedia 
338 |a volume  |b nc  |2 rdacarrier 
504 |a Includes bibliographical references and index. 
500 |a Errata sheet in pocket on back cover. 
650 0 |a Physics  |v Handbooks, manuals, etc. 
650 0 |a Mathematical physics  |v Handbooks, manuals, etc. 
948 |a c:jal 
999 |a MARS 
999 f f |s e817f1fa-0b56-3580-a7ec-819e59024c5f  |i ec7f6a2b-024e-3f4c-bfb6-9855d8e8f442  |t 0 
952 f f |p normal  |a Texas A&M University  |b College Station  |c Sterling C. Evans Library  |d Evans: Library Stacks  |t 0  |e QC61 .P65 1998  |h Library of Congress classification  |i unmediated -- volume  |m A14825341363 
998 f f |a QC61 .P65 1998  |t 0  |l Evans: Library Stacks